000 00653nam a2200229Ia 4500
003 OSt
005 20220928140409.0
006 a|||||r|||| 00| 0
007 ta
008 220927b |||||||| |||| 00| 0 eng d
024 _a8233
037 _cTextual
040 _aSDCL
_cSDCL
_beng
041 _2eng
_aeng
082 _aX:75.73'N8, M0
100 _aBoskin Michael J Ed.
_9495082
245 0 _aEconomy in the 1980s
_b A program for growth and stability
260 _c1980
700 _a Break George F Ed.
_9495083
942 _hX:75.73'N8, M0
_cTEXL
_2CC
999 _c811192
_d811192